000 00604nam a2200205 4500
003 OSt
005 20240723063451.0
006 a
008 240723b |||||||| |||| 00| 0 eng d
020 _a9710865749
040 _aDWCL-Main lib.
_cOC
082 _aFil. 658.88 B858c 2005
100 _aBriones, Jose Glenn Sr.
245 _aCredit and collection management made easy for Filipino college students /
260 _aMandaluyong City:
_bNational Book Store,
_cc2005.
300 _avi,
_b231 p. : ill. ;
_c21 cm.
650 _a1. Credit.
650 _a2. Loans.
942 _2ddc
_n0
_cBK - FIL
_kFil.
999 _c2604
_d2604